[Event "MPJ-Blitz-D12"]
[Site "Katowice"]
[Date "2015.08.15"]
[Round "19.1"]
[White "Waszczuk, Patrycja"]
[Black "Vanduyfhuys, Daria"]
[Result "1-0"]
[BlackElo "1198"]
[WhiteElo "1481"]

1. e4 {[%clk 0:03:03]} c5 {[%clk 0:03:03]} 2. Nf3 {[%clk 0:03:04]} Nc6
{[%clk 0:03:04]} 3. d4 {[%clk 0:03:05]} cxd4 {[%clk 0:03:05]} 4. Nxd4
{[%clk 0:03:05]} g6 {[%clk 0:03:06]} 5. Nc3 {[%clk 0:03:06]} Bg7 {[%clk 0:03:07]}
6. Be3 {[%clk 0:03:07]} Nf6 {[%clk 0:02:54]} 7. Nxc6 {[%clk 0:03:06]} bxc6
{[%clk 0:02:48]} 8. e5 {[%clk 0:03:06]} Ng8 {[%clk 0:02:42]} 9. Bd4
{[%clk 0:03:07]} Nh6 {[%clk 0:02:28]} 10. e6 {[%clk 0:02:42]} Bxd4
{[%clk 0:02:08]} 11. Qxd4 {[%clk 0:02:43]} f6 {[%clk 0:01:37]} 12. exd7+
{[%clk 0:02:40]} Qxd7 {[%clk 0:01:37]} 13. O-O-O {[%clk 0:02:28]} Qxd4
{[%clk 0:01:35]} 14. Rxd4 {[%clk 0:02:28]} Bb7 {[%clk 0:01:29]} 15. Bc4
{[%clk 0:02:20]} Nf5 {[%clk 0:01:18]} 16. Rd2 {[%clk 0:02:13]} Nd6
{[%clk 0:01:17]} 17. Be6 {[%clk 0:02:10]} Bc8 {[%clk 0:01:02]} 18. Re1
{[%clk 0:01:58]} Bxe6 {[%clk 0:00:54]} 19. Rxe6 {[%clk 0:01:58]} Kf7
{[%clk 0:00:55]} 20. Rde2 {[%clk 0:01:49]} Rhe8 {[%clk 0:00:55]} 21. Na4
{[%clk 0:01:38]} Rac8 {[%clk 0:00:45]} 22. Nc5 {[%clk 0:01:38]} Nf5
{[%clk 0:00:35]} 23. c3 {[%clk 0:01:36]} Ng7 {[%clk 0:00:34]} 24. R6e4
{[%clk 0:01:29]} e5 {[%clk 0:00:21]} 25. Ra4 {[%clk 0:01:29]} Ra8
{[%clk 0:00:16]} 26. Ra6 {[%clk 0:01:27]} Reb8 {[%clk 0:00:13]} 27. Rxc6
{[%clk 0:01:24]} Rc8 {[%clk 0:00:13]} 28. Rxc8 {[%clk 0:01:23]} Rxc8
{[%clk 0:00:14]} 29. Nd3 {[%clk 0:01:21]} Ne6 {[%clk 0:00:12]} 30. f3
{[%clk 0:00:54]} Rd8 {[%clk 0:00:12]} 31. Kc2 {[%clk 0:00:49]} Rc8
{[%clk 0:00:05]} 32. Kd2 {[%clk 0:00:47]} Rd8 {[%clk 0:00:07]} 33. Ke3
{[%clk 0:00:45]} Nc7 {[%clk 0:00:04]} 34. Rd2 {[%clk 0:00:43]} Nd5+
{[%clk 0:00:05]} 35. Ke2 {[%clk 0:00:42]} Nc7 36. Nc5 {[%clk 0:00:42]} Rxd2+
{[%clk 0:00:00]} 37. Kxd2 {[%clk 0:00:42]} 1-0

[Event "MPJ-Blitz-D12"]
[Site "Katowice"]
[Date "2015.08.15"]
[Round "19.2"]
[White "Marcinczyk, Monika"]
[Black "Harazinska, Magdalena"]
[Result "0-1"]
[BlackElo "1499"]
[WhiteElo "1394"]

1. e4 {[%clk 0:03:02]} c5 {[%clk 0:03:04]} 2. Nf3 {[%clk 0:03:03]} e6
{[%clk 0:03:05]} 3. d4 {[%clk 0:03:04]} cxd4 {[%clk 0:03:07]} 4. Nxd4
{[%clk 0:03:05]} a6 {[%clk 0:03:08]} 5. Nc3 Qc7 6. g3 {[%clk 0:03:04]} b5
{[%clk 0:03:09]} 7. Bg2 {[%clk 0:02:57]} Bb7 {[%clk 0:03:10]} 8. O-O
{[%clk 0:02:56]} Nf6 9. a3 {[%clk 0:02:47]} Be7 {[%clk 0:03:10]} 10. Be3
{[%clk 0:02:45]} O-O {[%clk 0:03:09]} 11. f4 {[%clk 0:02:45]} d6 {[%clk 0:03:10]}
12. g4 {[%clk 0:02:45]} Re8 {[%clk 0:03:00]} 13. g5 {[%clk 0:02:39]} Nfd7
{[%clk 0:03:01]} 14. Qg4 {[%clk 0:02:08]} Bf8 {[%clk 0:03:02]} 15. h4
{[%clk 0:02:08]} e5 {[%clk 0:02:59]} 16. fxe5 {[%clk 0:02:01]} Nxe5
{[%clk 0:02:59]} 17. Qd1 {[%clk 0:01:54]} Nc4 {[%clk 0:02:55]} 18. Bc1
{[%clk 0:01:49]} Nd7 {[%clk 0:02:43]} 19. Nd5 {[%clk 0:01:22]} Bxd5
{[%clk 0:02:44]} 20. exd5 {[%clk 0:01:23]} Nde5 {[%clk 0:02:22]} 21. b3
{[%clk 0:01:21]} Nb6 {[%clk 0:02:24]} 22. Bf4 {[%clk 0:01:17]} Nbd7
{[%clk 0:02:17]} 23. Qd2 {[%clk 0:01:07]} Rac8 {[%clk 0:02:15]} 24. Rac1
{[%clk 0:01:07]} Qb6 {[%clk 0:02:11]} 25. Kh1 {[%clk 0:01:07]} g6
{[%clk 0:02:06]} 26. Qf2 {[%clk 0:01:03]} Bg7 {[%clk 0:02:07]} 27. Bxe5
{[%clk 0:00:57]} Nxe5 {[%clk 0:02:08]} 28. Nf3 {[%clk 0:00:58]} Qxf2
{[%clk 0:02:02]} 29. Rxf2 {[%clk 0:00:59]} Ng4 {[%clk 0:02:03]} 30. Rd2
{[%clk 0:00:56]} Ne3 {[%clk 0:01:59]} 31. c4 {[%clk 0:00:53]} bxc4
{[%clk 0:01:55]} 32. bxc4 {[%clk 0:00:55]} Re4 {[%clk 0:01:45]} 33. c5
{[%clk 0:00:50]} Nxg2 {[%clk 0:01:27]} 34. Kxg2 {[%clk 0:00:50]} dxc5
{[%clk 0:01:23]} 35. d6 {[%clk 0:00:51]} c4 {[%clk 0:01:15]} 36. d7
{[%clk 0:00:39]} Rd8 {[%clk 0:01:16]} 37. Kf2 {[%clk 0:00:34]} Kf8
{[%clk 0:01:12]} 38. Kg3 {[%clk 0:00:25]} Ke7 {[%clk 0:01:12]} 39. a4
{[%clk 0:00:21]} Rxd7 {[%clk 0:01:13]} 40. Rxd7+ {[%clk 0:00:22]} Kxd7
{[%clk 0:01:14]} 41. Nd2 {[%clk 0:00:22]} Re3+ {[%clk 0:01:14]} 42. Kf2
{[%clk 0:00:22]} Bd4 {[%clk 0:01:15]} 43. Kf1 {[%clk 0:00:19]} c3
{[%clk 0:01:16]} 44. Nc4 {[%clk 0:00:21]} Rh3 {[%clk 0:01:13]} 45. Rd1
{[%clk 0:00:20]} Rxh4 {[%clk 0:01:13]} 46. Na3 {[%clk 0:00:19]} Kc6
{[%clk 0:01:13]} 47. Nc2 {[%clk 0:00:20]} Kc5 {[%clk 0:01:14]} 48. Rb1
{[%clk 0:00:16]} Rh1+ {[%clk 0:01:14]} 49. Ke2 {[%clk 0:00:16]} Rxb1
{[%clk 0:01:14]} 50. a5 {[%clk 0:00:13]} Rb2 {[%clk 0:01:14]} 51. Kd3
{[%clk 0:00:14]} Rxc2 {[%clk 0:01:15]} 52. Kxc2 {[%clk 0:00:14]} Kb4
{[%clk 0:01:16]} 53. Kb1 {[%clk 0:00:14]} Kxa5 {[%clk 0:01:16]} 54. Kc2
{[%clk 0:00:14]} Kb4 {[%clk 0:01:18]} 55. Kb1 {[%clk 0:00:15]} a5
{[%clk 0:01:19]} 56. Kc1 {[%clk 0:00:17]} Bg7 {[%clk 0:01:20]} 57. Kc2
{[%clk 0:00:17]} a4 {[%clk 0:01:21]} 58. Kc1 {[%clk 0:00:18]} a3 {[%clk 0:01:21]}
59. Kb1 Kb3 {[%clk 0:01:21]} 60. Kc1 {[%clk 0:00:18]} a2 {[%clk 0:01:22]} 61. Kd1
{[%clk 0:00:19]} a1=Q+ {[%clk 0:01:22]} 62. Ke2 {[%clk 0:00:21]} Qb2+
{[%clk 0:01:22]} 63. Kd3 {[%clk 0:00:21]} Qd2+ {[%clk 0:01:23]} 64. Ke4
{[%clk 0:00:22]} Qe2+ {[%clk 0:01:24]} 65. Kd5 {[%clk 0:00:24]} c2
{[%clk 0:01:23]} 66. Kd6 {[%clk 0:00:24]} c1=R {[%clk 0:01:23]} 67. Kd5
{[%clk 0:00:25]} Qe5# {[%clk 0:01:23]} 0-1

[Event "MPJ-Blitz-D12"]
[Site "Katowice"]
[Date "2015.08.15"]
[Round "19.4"]
[White "Tarka, Aleksandra"]
[Black "Malicka, Maria"]
[Result "1/2-1/2"]
[BlackElo "1365"]
[WhiteElo "1311"]

1. d4 {[%clk 0:03:03]} Nf6 {[%clk 0:03:03]} 2. Nf3 {[%clk 0:03:03]} d5
{[%clk 0:03:04]} 3. Bg5 {[%clk 0:03:03]} e6 {[%clk 0:02:59]} 4. e3
{[%clk 0:03:04]} h6 {[%clk 0:02:59]} 5. Bh4 {[%clk 0:03:05]} c5 {[%clk 0:02:54]}
6. c3 {[%clk 0:03:05]} cxd4 {[%clk 0:02:53]} 7. exd4 {[%clk 0:03:03]} Bd6
{[%clk 0:02:39]} 8. Bd3 {[%clk 0:03:02]} Nbd7 {[%clk 0:02:37]} 9. Nbd2
{[%clk 0:02:59]} b6 {[%clk 0:02:33]} 10. O-O {[%clk 0:02:49]} O-O
{[%clk 0:02:30]} 11. Qe2 {[%clk 0:02:32]} Qc7 {[%clk 0:02:26]} 12. Rfe1
{[%clk 0:02:15]} Bb7 {[%clk 0:02:13]} 13. Ne5 {[%clk 0:02:07]} Rac8
{[%clk 0:01:57]} 14. h3 {[%clk 0:01:58]} Rfe8 {[%clk 0:01:29]} 15. f4
{[%clk 0:01:43]} Nh7 {[%clk 0:01:14]} 16. Qh5 {[%clk 0:01:15]} Nxe5
{[%clk 0:00:49]} 17. fxe5 {[%clk 0:01:13]} Be7 {[%clk 0:00:35]} 18. Bxe7
{[%clk 0:00:49]} Qxe7 {[%clk 0:00:37]} 19. Rf1 {[%clk 0:00:46]} Ng5
{[%clk 0:00:32]} 20. Qg4 {[%clk 0:00:33]} Kh8 {[%clk 0:00:28]} 21. h4
{[%clk 0:00:29]} Nh7 {[%clk 0:00:25]} 22. Rf3 {[%clk 0:00:25]} Rc7
{[%clk 0:00:20]} 23. Rg3 {[%clk 0:00:22]} Qf8 {[%clk 0:00:18]} 24. Rf1
{[%clk 0:00:19]} Ree7 {[%clk 0:00:18]} 25. h5 {[%clk 0:00:15]} Qg8
{[%clk 0:00:16]} 26. Kh1 {[%clk 0:00:13]} Ng5 {[%clk 0:00:15]} 27. Kg1
{[%clk 0:00:12]} Qf8 {[%clk 0:00:16]} 28. Kh1 {[%clk 0:00:12]} Qg8
{[%clk 0:00:17]} 29. Kg1 {[%clk 0:00:13]} Qf8 {[%clk 0:00:17]} 30. Kh1
{[%clk 0:00:14]} Qg8 1/2-1/2

[Event "MPJ-Blitz-D12"]
[Site "Katowice"]
[Date "2015.08.15"]
[Round "19.5"]
[White "Czarnecka, Lidia"]
[Black "Jarocka, Liwia"]
[Result "1/2-1/2"]
[BlackElo "1510"]
[WhiteElo "1459"]

1. e4 e5 2. Nf3 Nc6 3. d4 exd4 4. Nxd4 Nf6 5. Nxc6 bxc6 6. Bd3 d5 7. exd5 cxd5 8.
O-O Be7 9. Re1 O-O 10. Bf4 c6 11. c3 Bd6 12. Bxd6 Qxd6 13. Qc2 h6 14. Nd2 Bd7 15.
Rad1 Rfe8 16. Nf3 Qc7 17. h3 Rxe1+ 18. Rxe1 Re8 19. Rxe8+ Bxe8 20. Qe2 Bd7 21.
Qe7 Qb6 22. Qe2 Nh5 23. Qe7 Nf6 24. Qe2 Qc7 25. Ne5 Be6 26. Nf3 Qa5 27. a3 Qc7
28. Nd4 Bc8 29. Nf3 c5 30. Bc2 Bb7 31. Bd3 Ne4 32. Bxe4 dxe4 33. Nd2 Qe7 34. f3
f5 35. fxe4 Bxe4 36. Qc4+ Kh7 37. Nxe4 fxe4 38. Qe2 Kg6 39. Qg4+ Kh7 40. Qf5+ Kg8
41. Qc8+ Kh7 42. Qf5+ Kg8 43. Qf2 Kh7 44. Qe3 Kg6 45. Qe2 Kh7 46. Qe3 Kg6 47.
Qg3+ Kh7 48. Qe3 Kg6 49. Kf2 Qf6+ 50. Kg1 Qe7 51. Qg3+ Kh7 1/2-1/2

[Event "MPJ-Blitz-D12"]
[Site "Katowice"]
[Date "2015.08.15"]
[Round "20.1"]
[White "Vanduyfhuys, Daria"]
[Black "Waszczuk, Patrycja"]
[Result "1/2-1/2"]
[BlackElo "1481"]
[WhiteElo "1198"]

1. e4 {[%clk 0:03:03]} c5 {[%clk 0:03:03]} 2. Nf3 {[%clk 0:03:04]} e6
{[%clk 0:03:03]} 3. d4 {[%clk 0:03:06]} cxd4 {[%clk 0:03:04]} 4. Nxd4
{[%clk 0:03:07]} a6 {[%clk 0:03:06]} 5. Be3 {[%clk 0:03:06]} b5 {[%clk 0:03:05]}
6. a3 {[%clk 0:03:04]} Bb7 {[%clk 0:03:06]} 7. Nc3 {[%clk 0:03:05]} Qc7
{[%clk 0:03:06]} 8. Bd3 {[%clk 0:03:03]} Nf6 {[%clk 0:03:05]} 9. O-O
{[%clk 0:03:00]} d6 {[%clk 0:03:04]} 10. Re1 {[%clk 0:02:56]} Be7
{[%clk 0:03:04]} 11. Qe2 {[%clk 0:02:57]} Nbd7 {[%clk 0:03:03]} 12. Rad1
{[%clk 0:02:54]} Nc5 {[%clk 0:02:59]} 13. Nb3 {[%clk 0:02:35]} Ncxe4
{[%clk 0:02:47]} 14. Nxe4 {[%clk 0:02:35]} Nxe4 {[%clk 0:02:48]} 15. f3
{[%clk 0:02:24]} Nf6 {[%clk 0:02:44]} 16. Bf2 {[%clk 0:02:24]} O-O
{[%clk 0:02:37]} 17. Nd2 {[%clk 0:02:18]} d5 {[%clk 0:02:35]} 18. Nb3
{[%clk 0:02:16]} Rac8 {[%clk 0:02:32]} 19. Be3 {[%clk 0:02:02]} Bd6
{[%clk 0:02:29]} 20. h3 {[%clk 0:01:57]} Bg3 {[%clk 0:02:19]} 21. Bf2
{[%clk 0:01:56]} Bxf2+ {[%clk 0:02:19]} 22. Qxf2 {[%clk 0:01:57]} Rfd8
{[%clk 0:02:15]} 23. Kh1 {[%clk 0:01:50]} h6 {[%clk 0:01:59]} 24. Qe3
{[%clk 0:01:49]} Nd7 {[%clk 0:01:38]} 25. Qf2 {[%clk 0:01:49]} Nc5
{[%clk 0:01:37]} 26. Nxc5 {[%clk 0:01:50]} Qxc5 27. Qxc5 {[%clk 0:01:48]} Rxc5
{[%clk 0:01:39]} 28. Kg1 {[%clk 0:01:48]} a5 {[%clk 0:01:38]} 29. Kf2
{[%clk 0:01:42]} Rdc8 {[%clk 0:01:27]} 30. b4 {[%clk 0:01:33]} axb4
{[%clk 0:01:22]} 31. axb4 {[%clk 0:01:34]} Rc3 {[%clk 0:01:23]} 32. Re2
{[%clk 0:01:23]} Bc6 {[%clk 0:01:19]} 33. Ke3 {[%clk 0:01:19]} e5
{[%clk 0:01:10]} 34. Kd2 {[%clk 0:01:19]} Ra3 {[%clk 0:01:05]} 35. Rxe5
{[%clk 0:01:12]} Ra4 {[%clk 0:01:06]} 36. Rb1 {[%clk 0:01:03]} Rca8
{[%clk 0:01:04]} 37. Ree1 {[%clk 0:01:01]} Kf8 {[%clk 0:01:02]} 38. Re2
{[%clk 0:00:57]} Ra2 {[%clk 0:00:51]} 39. Ree1 {[%clk 0:00:54]} R2a4
{[%clk 0:00:48]} 40. Re2 {[%clk 0:00:54]} Ra1 {[%clk 0:00:44]} 41. Ree1
{[%clk 0:00:54]} R1a2 {[%clk 0:00:42]} 42. Re2 {[%clk 0:00:53]} Ra1
{[%clk 0:00:39]} 43. Ree1 {[%clk 0:00:54]} Rxb1 {[%clk 0:00:39]} 44. Rxb1
{[%clk 0:00:55]} Ra4 {[%clk 0:00:39]} 45. Kc3 {[%clk 0:00:54]} Ke7
{[%clk 0:00:37]} 46. Re1+ {[%clk 0:00:54]} 1/2-1/2

[Event "MPJ-Blitz-D12"]
[Site "Katowice"]
[Date "2015.08.15"]
[Round "20.2"]
[White "Harazinska, Magdalena"]
[Black "Marcinczyk, Monika"]
[Result "1/2-1/2"]
[BlackElo "1394"]
[WhiteElo "1499"]

1. d4 {[%clk 0:03:03]} Nf6 2. c4 g6 {[%clk 0:03:04]} 3. Nc3 {[%clk 0:03:06]} d5
{[%clk 0:03:05]} 4. cxd5 {[%clk 0:03:07]} Nxd5 {[%clk 0:03:07]} 5. e4 Nxc3
{[%clk 0:03:07]} 6. bxc3 {[%clk 0:03:10]} Bg7 {[%clk 0:03:08]} 7. f3 c5
{[%clk 0:03:01]} 8. Be3 {[%clk 0:03:04]} Nc6 {[%clk 0:03:00]} 9. Ne2
{[%clk 0:03:04]} Qa5 {[%clk 0:02:43]} 10. Qd2 {[%clk 0:02:53]} cxd4
{[%clk 0:02:36]} 11. Nxd4 {[%clk 0:02:53]} Nxd4 {[%clk 0:02:27]} 12. Bxd4
{[%clk 0:02:54]} O-O {[%clk 0:02:28]} 13. Bxg7 {[%clk 0:02:38]} Kxg7
{[%clk 0:02:29]} 14. Bd3 {[%clk 0:02:30]} e5 {[%clk 0:02:21]} 15. O-O
{[%clk 0:02:29]} Be6 {[%clk 0:02:22]} 16. Rab1 {[%clk 0:02:19]} Qc7
{[%clk 0:02:18]} 17. Rfd1 {[%clk 0:02:15]} Rac8 {[%clk 0:02:18]} 18. Rbc1
{[%clk 0:02:15]} Rfd8 {[%clk 0:02:16]} 19. Qe1 {[%clk 0:02:11]} Bxa2
{[%clk 0:02:04]} 20. Ra1 {[%clk 0:02:02]} Be6 {[%clk 0:01:41]} 21. Rxa7
{[%clk 0:01:55]} Qxc3 {[%clk 0:01:42]} 22. Qxc3 {[%clk 0:01:47]} Rxc3
{[%clk 0:01:43]} 23. Be2 {[%clk 0:01:32]} Rxd1+ {[%clk 0:01:43]} 24. Bxd1
{[%clk 0:01:33]} Rc1 {[%clk 0:01:43]} 25. Rxb7 {[%clk 0:01:31]} Rxd1+
{[%clk 0:01:45]} 26. Kf2 {[%clk 0:01:32]} Rd2+ {[%clk 0:01:45]} 27. Ke3
{[%clk 0:01:33]} Rd6 {[%clk 0:01:43]} 28. Rb5 {[%clk 0:01:34]} Kf6
{[%clk 0:01:44]} 29. Ra5 {[%clk 0:01:34]} h5 {[%clk 0:01:40]} 30. Rc5
{[%clk 0:01:34]} g5 {[%clk 0:01:40]} 31. Ra5 {[%clk 0:01:33]} Bd7
{[%clk 0:01:36]} 32. Rc5 {[%clk 0:01:32]} Ke6 {[%clk 0:01:36]} 33. Ra5
{[%clk 0:01:15]} f5 {[%clk 0:01:37]} 34. exf5+ {[%clk 0:01:14]} Kxf5
{[%clk 0:01:38]} 35. Rc5 {[%clk 0:01:14]} g4 {[%clk 0:01:32]} 36. fxg4+
{[%clk 0:01:07]} hxg4 {[%clk 0:01:32]} 37. Ra5 {[%clk 0:01:03]} Re6
{[%clk 0:01:25]} 38. Rc5 {[%clk 0:01:02]} Kg6 {[%clk 0:01:23]} 39. Rc7
{[%clk 0:00:48]} Bc6 {[%clk 0:01:17]} 40. g3 {[%clk 0:00:47]} e4 {[%clk 0:01:14]}
41. Rc8 {[%clk 0:00:47]} Kg7 {[%clk 0:00:58]} 42. Rc7+ {[%clk 0:00:46]} Kg6
{[%clk 0:00:54]} 43. Rc8 {[%clk 0:00:47]} Rf6 {[%clk 0:00:54]} 44. Rg8+
{[%clk 0:00:45]} Kh5 {[%clk 0:00:54]} 45. Rh8+ {[%clk 0:00:46]} Rh6
{[%clk 0:00:55]} 46. Rf8 {[%clk 0:00:40]} Kg5 {[%clk 0:00:48]} 47. Rg8+
{[%clk 0:00:39]} Rg6 {[%clk 0:00:48]} 48. Rf8 {[%clk 0:00:38]} Kh6
{[%clk 0:00:42]} 49. Rh8+ {[%clk 0:00:37]} Kg7 {[%clk 0:00:42]} 50. Rh4
{[%clk 0:00:31]} Kf6 {[%clk 0:00:35]} 51. Rh8 {[%clk 0:00:32]} Kf7
{[%clk 0:00:30]} 52. Rh4 {[%clk 0:00:32]} Ke6 {[%clk 0:00:28]} 53. Rh7
{[%clk 0:00:33]} Kd5 {[%clk 0:00:27]} 54. Rh8 {[%clk 0:00:26]} Rf6
{[%clk 0:00:21]} 55. Rh5+ {[%clk 0:00:26]} Kd6 {[%clk 0:00:15]} 56. Rg5
{[%clk 0:00:21]} Rf3+ 57. Ke2 {[%clk 0:00:09]} Bd7 {[%clk 0:00:07]} 58. Rg6+
{[%clk 0:00:07]} Ke5 {[%clk 0:00:08]} 59. Rg7 {[%clk 0:00:08]} e3
{[%clk 0:00:07]} 60. Rxd7 {[%clk 0:00:06]} Ke4 {[%clk 0:00:08]} 61. Re7+
{[%clk 0:00:08]} Kd4 {[%clk 0:00:08]} 62. Rd7+ {[%clk 0:00:09]} Ke4
{[%clk 0:00:09]} 63. Re7+ {[%clk 0:00:09]} Kd4 {[%clk 0:00:11]} 64. Rd7+
{[%clk 0:00:06]} Ke4 {[%clk 0:00:12]} 65. Re7+ {[%clk 0:00:07]} 1/2-1/2

[Event "MPJ-Blitz-D12"]
[Site "Katowice"]
[Date "2015.08.15"]
[Round "20.4"]
[White "Malicka, Maria"]
[Black "Tarka, Aleksandra"]
[Result "1-0"]
[BlackElo "1311"]
[WhiteElo "1365"]

1. c4 {[%clk 0:03:03]} e5 {[%clk 0:03:00]} 2. g3 {[%clk 0:03:05]} Nf6
{[%clk 0:02:59]} 3. Bg2 {[%clk 0:03:05]} d5 {[%clk 0:02:54]} 4. cxd5
{[%clk 0:03:06]} Nxd5 {[%clk 0:02:54]} 5. Nc3 {[%clk 0:03:08]} Nxc3
{[%clk 0:02:52]} 6. bxc3 {[%clk 0:03:09]} Bc5 {[%clk 0:02:46]} 7. Nf3
{[%clk 0:03:08]} Nc6 {[%clk 0:02:28]} 8. d3 {[%clk 0:02:59]} Bg4 {[%clk 0:02:20]}
9. O-O {[%clk 0:02:41]} O-O {[%clk 0:02:19]} 10. h3 {[%clk 0:02:38]} Bh5
{[%clk 0:02:18]} 11. Rb1 {[%clk 0:02:21]} Bb6 {[%clk 0:02:12]} 12. c4
{[%clk 0:02:14]} Rb8 {[%clk 0:02:06]} 13. Bd2 {[%clk 0:01:56]} Qd7
{[%clk 0:01:56]} 14. Qa4 {[%clk 0:01:43]} Rfd8 {[%clk 0:01:36]} 15. Bc3
{[%clk 0:01:19]} Bxf3 {[%clk 0:01:11]} 16. Bxf3 {[%clk 0:01:19]} Qxh3
{[%clk 0:00:57]} 17. Bxc6 {[%clk 0:01:07]} bxc6 {[%clk 0:00:46]} 18. Bxe5
{[%clk 0:00:54]} f6 {[%clk 0:00:42]} 19. c5 {[%clk 0:00:35]} fxe5
{[%clk 0:00:39]} 20. cxb6 {[%clk 0:00:36]} cxb6 {[%clk 0:00:34]} 21. Qxc6
{[%clk 0:00:36]} Qd7 {[%clk 0:00:27]} 22. Qxd7 Rxd7 23. Rfc1 {[%clk 0:00:35]}
Rbd8 {[%clk 0:00:26]} 24. Rc6 {[%clk 0:00:31]} Kf7 {[%clk 0:00:25]} 25. Rbc1
{[%clk 0:00:32]} Ke7 {[%clk 0:00:20]} 26. Rc7 {[%clk 0:00:33]} Rxc7 27. Rxc7+
{[%clk 0:00:34]} Rd7 {[%clk 0:00:20]} 28. Rc4 {[%clk 0:00:33]} Ke6
{[%clk 0:00:18]} 29. Kf1 {[%clk 0:00:31]} g5 {[%clk 0:00:16]} 30. Ke1
{[%clk 0:00:32]} Kd5 {[%clk 0:00:13]} 31. Kd2 {[%clk 0:00:26]} b5
{[%clk 0:00:14]} 32. Rg4 {[%clk 0:00:25]} h6 {[%clk 0:00:15]} 33. Rb4
{[%clk 0:00:21]} a6 {[%clk 0:00:15]} 34. a4 {[%clk 0:00:20]} bxa4
{[%clk 0:00:15]} 35. Rxa4 Rd6 {[%clk 0:00:13]} 36. Ra5+ {[%clk 0:00:20]} Ke6
{[%clk 0:00:13]} 37. Ke3 {[%clk 0:00:19]} Kf6 {[%clk 0:00:11]} 38. Ke4
{[%clk 0:00:16]} Ke6 {[%clk 0:00:11]} 39. Rxe5+ {[%clk 0:00:16]} Kf6
{[%clk 0:00:10]} 40. Ra5 {[%clk 0:00:15]} Re6+ {[%clk 0:00:11]} 41. Kf3
{[%clk 0:00:15]} Rd6 {[%clk 0:00:11]} 42. Ke3 {[%clk 0:00:14]} Re6+
{[%clk 0:00:11]} 43. Kd2 {[%clk 0:00:16]} Rd6 {[%clk 0:00:11]} 44. e3
{[%clk 0:00:17]} Ke6 {[%clk 0:00:11]} 45. d4 {[%clk 0:00:18]} Kf6
{[%clk 0:00:09]} 46. Kd3 {[%clk 0:00:19]} Re6 {[%clk 0:00:08]} 47. e4
{[%clk 0:00:20]} Rb6 {[%clk 0:00:04]} 48. e5+ {[%clk 0:00:16]} Ke6
{[%clk 0:00:05]} 49. Ke4 {[%clk 0:00:16]} Ke7 {[%clk 0:00:05]} 50. d5
{[%clk 0:00:15]} Rb4+ {[%clk 0:00:05]} 51. Kf5 {[%clk 0:00:16]} Rb6
{[%clk 0:00:05]} 52. d6+ {[%clk 0:00:16]} Ke8 {[%clk 0:00:05]} 53. Ke6
{[%clk 0:00:15]} Kd8 {[%clk 0:00:03]} 54. Ra4 {[%clk 0:00:14]} Ke8
{[%clk 0:00:03]} 55. f4 {[%clk 0:00:15]} gxf4 {[%clk 0:00:04]} 56. gxf4
{[%clk 0:00:16]} Kd8 {[%clk 0:00:04]} 57. f5 {[%clk 0:00:17]} Ke8
{[%clk 0:00:05]} 58. f6 {[%clk 0:00:18]} h5 {[%clk 0:00:05]} 59. f7+
{[%clk 0:00:17]} Kf8 {[%clk 0:00:06]} 60. Rc4 {[%clk 0:00:17]} Rb8
{[%clk 0:00:07]} 61. d7 {[%clk 0:00:15]} a5 {[%clk 0:00:08]} 62. Rc8+
{[%clk 0:00:16]} Rxc8 {[%clk 0:00:07]} 63. dxc8=Q+ {[%clk 0:00:16]} 1-0

[Event "MPJ-Blitz-D12"]
[Site "Katowice"]
[Date "2015.08.15"]
[Round "20.5"]
[White "Jarocka, Liwia"]
[Black "Czarnecka, Lidia"]
[Result "0-1"]
[BlackElo "1459"]
[WhiteElo "1510"]

1. e4 c5 2. Nf3 d6 3. d4 cxd4 4. Nxd4 Nf6 5. Nc3 g6 6. Be3 Bg7 7. Bc4 O-O 8. Bb3
Nc6 9. f3 Bd7 10. Qd2 Rc8 11. O-O-O Nxd4 12. Bxd4 b5 13. g4 a5 14. h4 h5 15. gxh5
Nxh5 16. Bxg7 Kxg7 17. Qd4+ Kh7 18. Kb1 b4 19. Ne2 a4 20. Bc4 Qc7 21. Bd3 b3 22.
cxb3 axb3 23. a3 Be6 24. Rc1 Qb7 25. Nc3 Rfd8 26. Qe3 Rc5 27. f4 Rg8 28. Rhf1 Rg7
29. f5 Bd7 30. fxg6+ fxg6 31. Qf3 Be6 32. Rg1 Re5 33. Rg5 Rxg5 34. hxg5 Kg8 35.
Qe2 Qd7 36. Rf1 Bh3 37. Rf3 Bg4 38. Nd5 Bxf3 39. Qxf3 Qe8 40. Bc4 Kh7 41. Qxb3
Qf8 42. Ka2 Qf2 43. Qb8 Qc5 44. Bb3 Qd4 45. Nxe7 Qxe4 46. Nxg6 Qxg6 47. Bc4 Qxg5
48. Bd3+ Rg6 49. Bxg6+ Qxg6 50. Qc7+ Qg7 51. Qxd6 Qf7+ 52. Qh2 0-1

[Event "MPJ-Blitz-D12"]
[Site "Katowice"]
[Date "2015.08.15"]
[Round "21.1"]
[White "Malicka, Maria"]
[Black "Waszczuk, Patrycja"]
[Result "1/2-1/2"]
[BlackElo "1481"]
[WhiteElo "1365"]

1. c4 {[%clk 0:03:03]} c6 {[%clk 0:03:03]} 2. d4 {[%clk 0:03:02]} d5
{[%clk 0:03:04]} 3. e3 {[%clk 0:03:01]} Nf6 {[%clk 0:03:05]} 4. Nc3
{[%clk 0:03:00]} Bf5 {[%clk 0:03:05]} 5. cxd5 {[%clk 0:02:56]} cxd5
{[%clk 0:03:05]} 6. Nf3 {[%clk 0:02:55]} e6 {[%clk 0:03:06]} 7. Bd3
{[%clk 0:02:54]} Bxd3 {[%clk 0:03:06]} 8. Qxd3 {[%clk 0:02:54]} Nc6
{[%clk 0:03:03]} 9. a3 {[%clk 0:02:54]} Bd6 {[%clk 0:03:00]} 10. Nb5
{[%clk 0:02:44]} Bb8 {[%clk 0:02:54]} 11. O-O {[%clk 0:02:41]} a6
{[%clk 0:02:52]} 12. Nc3 {[%clk 0:02:41]} O-O {[%clk 0:02:51]} 13. Bd2
{[%clk 0:02:30]} Bd6 {[%clk 0:02:50]} 14. Rac1 {[%clk 0:02:27]} Rc8
{[%clk 0:02:49]} 15. Na4 {[%clk 0:02:07]} Ne4 {[%clk 0:02:37]} 16. Nc3
{[%clk 0:01:55]} f5 {[%clk 0:02:19]} 17. Qe2 {[%clk 0:01:40]} Qe7
{[%clk 0:01:52]} 18. Rc2 {[%clk 0:01:14]} h6 {[%clk 0:01:32]} 19. Rfc1
{[%clk 0:01:03]} g5 {[%clk 0:01:11]} 20. Nxe4 {[%clk 0:00:53]} dxe4
{[%clk 0:01:11]} 21. Ne1 {[%clk 0:00:49]} g4 {[%clk 0:00:58]} 22. Rc4
{[%clk 0:00:33]} h5 {[%clk 0:00:40]} 23. Nc2 {[%clk 0:00:22]} b5 {[%clk 0:00:38]}
24. Rc3 {[%clk 0:00:22]} Na7 {[%clk 0:00:28]} 25. Na1 {[%clk 0:00:18]} Qd7
{[%clk 0:00:15]} 26. Nb3 {[%clk 0:00:16]} 1/2-1/2